TEXT BOOK OF PHARMACOGNOSY (Record no. 8708)

MARC details
000 -LEADER
fixed length control field 00299nam a22001457a 4500
003 - CONTROL NUMBER IDENTIFIER
control field SGT
082 ## - DEWEY DECIMAL CLASSIFICATION NUMBER
Classification number 615
Item number P15N
100 ## - MAIN ENTRY--PERSONAL NAME
Personal name N,KUMAR
245 ## - TITLE STATEMENT
Title TEXT BOOK OF PHARMACOGNOSY
250 ## - EDITION STATEMENT
Edition statement 1ST
260 ## - PUBLICATION, DISTRIBUTION, ETC. (IMPRINT)
Place of publication, distribution, etc DELHI
Name of publisher, distributor, etc AITBS PUB
Year of Publication 2015
300 ## - PAGE DESCRIPTION
No. of Pages 408
650 ## - SUBJECT ADDED ENTRY--TOPICAL TERM
Topical term or geographic name as entry element PHARMACOGNOSY
942 ## - ADDED ENTRY ELEMENTS (KOHA)
Source of classification or shelving scheme Dewey Decimal Classification
Koha item type Books
942 ## - ADDED ENTRY ELEMENTS (KOHA)
-- 2
Holdings
Withdrawn status Lost status Source of classification or shelving scheme Damaged status Not for loan Collection code Home library Current library Shelving location Date acquired Vendor Name Cost, normal purchase price SGTU Bill Number Total Checkouts Full call number Accession No. (Barcode) Date last seen Date last borrowed Bill Date Koha item type
    Dewey Decimal Classification     AYURVEDA SGT FA-FP Library SGT FA-FP Library Text Book 01/04/2016 AHUJA 195.00 SGTU 6599 4 615 P15N FA4896 02/09/2024 02/09/2024 10/02/2016 Books
    Dewey Decimal Classification     AYURVEDA SGT FA-FP Library SGT FA-FP Library Text Book 01/04/2016 AHUJA 195.00 SGTU 6599 2 615 P15N FA4897 28/11/2016 23/11/2016 10/02/2016 Books
    Dewey Decimal Classification     AYURVEDA SGT FA-FP Library SGT FA-FP Library Text Book 01/04/2016 AHUJA 195.00 SGTU 6599 3 615 P15N FA4898 04/10/2024 04/10/2024 10/02/2016 Books
  Lost and Paid For Dewey Decimal Classification     AYURVEDA SGT FA-FP Library SGT FA-FP Library Text Book 01/04/2016 AHUJA 195.00 SGTU 6599 1 615 P15N FA4899 29/11/2016 02/11/2016 10/02/2016 Books
    Dewey Decimal Classification     AYURVEDA SGT FA-FP Library SGT FA-FP Library Text Book 01/04/2016 AHUJA 195.00 SGTU 6599   615 P15N FA4900 01/04/2016   10/02/2016 Books